Three Letter Answers #3 - Statistics

General Stats
  • This quiz has been taken 52,796 times
  • The average score is 16 of 24
Answer Stats
Hint Answer % Correct
What Noah built Ark
92%
Pandora opened one Box
92%
James Bond film: "No Time to ___" Die
88%
Most common word in English The
88%
Squid's defensive mechanism Ink
87%
Gluttony, lust, or pride, e.g. Sin
83%
Japanese alternative to a handshake Bow
77%
Baby goat Kid
77%
It keeps a grenade from exploding Pin
72%
One of the four elements in ancient Greece Air
69%
Component of an atlas Map
67%
Fruit of the Ficus carica tree Fig
65%
French for "water" Eau
62%
Something messy banned by Singapore Gum
62%
Word that follows traffic, printer, or strawberry Jam
62%
Japanese ornamental carp Koi
59%
Mind this in the London Underground Gap
57%
Opposite of wane Wax
55%
Snake that bit Cleopatra Asp
49%
Latin for "king" Rex
48%
To ___ is human. To forgive, divine. Err
47%
Currency of South Korea Won
43%
Animal belonging to the family Formicidae Ant
36%
Spare the ___, spoil the child Rod
34%
No matching quizzes found
Score Distribution
Percent of People with Each Score
Percentile by Number Answered
Your Score History
You have not taken this quiz